[Event "Lignano Bella Italia op 1st"]
[Site "Lignano Sabbiadoro"]
[Date "2022.08.22"]
[Round "8"]
[White "Cino, Giuseppe Adalberto"]
[Black "Bettalli, Francesco"]
[Result "0-1"]
[WhiteElo "1976"]
[BlackElo "2237"]
[PlyCount "136"]
[EventDate "2022.08.18"]
[EventType "swiss"]
[EventRounds "9"]
[EventCountry "ITA"]
[SourceTitle "CBM 210 Extra"]
[Source "ChessBase"]
[SourceDate "2022.11.30"]
[SourceVersion "1"]
[SourceVersionDate "2022.11.30"]
[SourceQuality "1"]

1. c4 c5 2. Nf3 g6 3. Nc3 Nc6 4. d4 cxd4 5. Nxd4 Nf6 6. e4 d6 7. Be2 Nxd4 8. Qxd4 Bg7 9. 0-0 0-0 10. h3 a5 11. Qd3 a4 12. Be3 Qa5 13. Rfc1 Be6 14. Rab1 Rfc8 15. b4 axb3 16. axb3 Nd7 17. Bd4 Nc5 18. Qd1 Bxd4 19. Qxd4 Qb4 20. Nb5 Ra2 21. Qc3 Qxc3 22. Nxc3 Ra3 23. Bd1 Nd3 24. Ra1 Rca8 25. Rxa3 Rxa3 26. Rb1 Bxc4 27. Be2 Ba6 28. Bxd3 Bxd3 29. Rb2 Ra1+ 30. Kh2 Rc1 31. Nd5 Kf8 32. f3 Rc2 33. Rxc2 Bxc2 34. b4 Bb3 35. Nc3 e6 36. Kg3 Ke7 37. Kf4 h6 38. h4 e5+ 39. Ke3 Ke6 40. g3 d5 41. exd5+ Bxd5 42. f4 Bc6 43. g4 exf4+ 44. Kxf4 f6 45. Ke3 Ke5 46. Ne2 Bd7 47. Nf4 g5 48. hxg5 fxg5 49. Nd3+ Kd5 50. Nc5 Bc8 51. Ne4 Ke5 52. Nf2 b6 53. Kd3 Kf4 54. Kd4 Bxg4 55. Nd3+ Kf5 56. Ne5 Be2 57. Nf7 h5 58. Ke3 Bf1 59. b5 Kf6 60. Nd6 h4 61. Kf2 Bd3 62. Nc8 Bxb5 63. Nxb6 g4 64. Nd5+ Kg5 65. Ne3 g3+ 66. Kg1 h3 67. Ng2 Bc6 68. Kh1 Bxg2+ 0-1

[Event "ITA-ch U16"]
[Site "Salsomaggiore Terme"]
[Date "2019.07.13"]
[Round "8"]
[White "Cino, Giuseppe Adalberto"]
[Black "Bettalli, Francesco"]
[Result "1/2-1/2"]
[WhiteElo "2074"]
[BlackElo "2095"]
[PlyCount "122"]
[EventDate "2019.07.07"]
[EventType "swiss"]
[EventRounds "9"]
[EventCountry "ITA"]
[SourceTitle "EXT 2020"]
[Source "ChessBase"]
[SourceDate "2019.10.17"]
[SourceVersion "1"]
[SourceVersionDate "2019.10.17"]
[SourceQuality "1"]

1. d4 Nf6 2. Nd2 d5 3. Ngf3 c5 4. e3 Nc6 5. b3 cxd4 6. exd4 Bf5 7. c3 h6 8. Bb2 e6 9. Be2 Bd6 10. 0-0 0-0 11. Re1 Qc7 12. Nf1 Ne7 13. Ng3 Bh7 14. Rc1 Bf4 15. Ra1 Ne4 16. Bd3 f5 17. c4 Nc6 18. Ne2 Bd6 19. Nc3 Bb4 20. Qc2 Qa5 21. Rac1 Kh8 22. a3 Bxc3 23. Bxc3 Qxa3 24. c5 Nxc3 25. Qxc3 Qb4 26. Rxe6 Qxc3 27. Rxc3 Rad8 28. Rc1 Bg8 29. Re2 g5 30. Ra2 a6 31. Ra4 Kg7 32. Re1 f4 33. Kf1 Rfe8 34. h3 Bf7 35. b4 Rxe1+ 36. Kxe1 Re8+ 37. Kd2 Bg6 38. Bf1 Bf7 39. Bd3 Rd8 40. Ke1 Re8+ 41. Kd2 Bg6 42. Bf1 Be4 43. b5 axb5 44. Bxb5 Bxf3 45. gxf3 Rc8 46. Bd3 Kf6 47. Ra1 h5 48. Kc3 Re8 49. Rb1 Re7 50. Rb6 Rc7 51. Bb5 g4 52. fxg4 hxg4 53. hxg4 f3 54. Rxb7 Nxd4 55. Ba6 Ne6 56. Rxc7 Nxc7 57. Bb7 Ke5 58. g5 Ne6 59. Kd2 Nxg5 60. Ke3 d4+ 61. Kd3 Nh3 1/2-1/2